000 00673nam a2200217 a 4500
001 000034394
005 20200930073657.0
008 091125s2002 mx 000 0 spa d
020 _a9681911393
040 _aDO-SdBNP
_bspa
_cBNPHU
082 _aN863.44
_bR173s
100 1 _aRamírez, Sergio
_d1942-
_917566
245 1 0 _aSombras nada más /
_cSergio Ramírez.
260 _aMéxico :
_bAguilar :,
_c2002.
300 _a419 p. ;
_c24 cm.
500 _aIncluye datos biográficos del autor en la solapa de la cubierta
650 4 _aNovela nicaraguense
_922434
650 4 _aLiteratura nicaraguense
_98180
910 _aValidado. Control de calidad MFF
049 _aBNGR
999 _c33885
_d33885